Normal view
MARC view
Entry Personal Name
001 - CONTROL NUMBER
- control field: 818105
003 - CONTROL NUMBER IDENTIFIER
- control field: OSt
005 - DATE AND TIME OF LATEST TRANSACTION
- control field: 20250819121746.0
008 - FIXED-LENGTH DATA ELEMENTS
- fixed length control field: 250819|| aca||aabn | a|a d
040 ## - CATALOGING SOURCE
- Original cataloging agency: OSt
- Transcribing agency: OSt
100 ## - HEADING--PERSONAL NAME
- Personal name: ਅਮੋਲ, ਸ ਸ, ਥਦ
670 ## - SOURCE DATA FOUND
- Source citation: Work cat.: (OSt)383247: ਅਮੋਲ, ਸ ਸ, ਥਦ., ਹਾFਮ Fਾਹ ਤੇ ਕਿੱਸਾ ਸੱਸੀ ਪੁੰਨੂੰ, 1954
